000
00318nam a2200133Ia 4500
008
191201s2007 xx 000 0 und d
082
_a
005.131
_b
SIM
100
_a
SINGH, kirani Y
245
0
_a
MATLAB Programming
260
_a
N.Delhi
_b
Prentice Hall
_c
2007
300
_a
370
650
_a
B.Tech(IT)
942
_2
ddc
_c
BK
999
_c
3264
_d
3264